000 00443nam a2200169Ia 4500
003 GCL
008 140319s9999 xx 000 0 ara d
040 _aGCL /
_cGCL
082 0 4 _a273.1
_bف ر
100 1 _aفهيم عزيز
245 1 0 _aالروح القدس /
_cفهيم عزيز
260 _a[S.N] :
_bدار الثقافة العربية ،
_c1982
300 _a175 ص
490 _a
650 0 4 _aاللاهوت
942 _2ddc
_cBK
999 _c40598
_d40598